000 03394nam a2200481 i 4500
001 3306611
005 20220928134935.0
008 220719s2022 enka c 6 000 0 eng d
020 _a9781838740740 :
_c$15.99
020 _a1838740740 :
_c$15.99
035 _a(OCoLC)1333954228
035 _a(OCoLC)on1333954228
035 _a3283868
040 _aPABRO
_beng
_erda
_cPABRO
050 4 _aPZ7.7.S63
_bSis 2022
082 0 4 _a741.5/973
_223
092 _ajunior graphic
_bSpaaij
100 1 _aSpaaij, Marlyn,
_eauthor,
_eillustrator.
_96455426
245 1 0 _aSisters of the mist /
_cMarlyn Spaaij.
250 _aFirst edition.
264 1 _aLondon :
_bFlying Eye Books,
_c2022.
300 _a133 pages :
_bcolor illustrations ;
_c23 cm
336 _atext
337 _aunmediated
338 _avolume
520 _aJoin Kyra and her sisters as they fight the mysterious forces of the forest, and the challenges of drifting apart with age, perfect for transitional readers aging out of the Hilda Graphic Novel series. "A magical, moving celebration of sisterly bonds." Kirkus Reviews "Beautiful, funny and atmospheric, using magic to capture the shifts in sibling dynamics as an eldest sister becomes a teenager. Full of personality and life." Gillian Goerz, Author of the 'Shirley and Jamila' series Frygea Forest... An ancient and mystical place where trolls lurk in the mossy spaces between tree trunks and changelings scamper about, causing mischief. A place that Kyra and her sisters Margot and Janna return to every year to spend the summer at their grandma s farm: roasting marshmallows, catching frogs and befriending tiny, grumpy root goblins. But this summer is different, and as teenage Margot drifts apart from her sisters, slamming doors and keeping secrets, Kyra starts to worry. When Margot is enticed into the woods by the mysterious figures in the mist, Kyra resolves to do everything in her power to save her sister from danger, even if that means facing the spooky forces within Frygea Forest with just her kid sister for help. In this lively coming-of-age graphic novel, you ll never have to let go of the imagination that keeps you young. And if you re careful, and ever so quiet, you might spot a root goblin marching along the ground, or a glittering alf darting amongst the leaves...
521 1 _a10-14
_bBrodart.
521 2 _a5-9
_bBrodart.
650 0 _aSisters
_vComic books, strips, etc.
_95676299
650 0 _aForests and forestry
_vComic books, strips, etc.
_96371546
650 1 _aBrothers and sisters
_vFiction.
_95673852
650 1 _aForests and forestry
_vFiction.
_95673939
650 1 _aGraphic novels.
650 7 _aJUVENILE FICTION / Comics & Graphic Novels / Fantasy.
_2bisacsh
_95739124
650 7 _aJUVENILE FICTION / Girls & Women.
_2bisacsh
_95680876
650 7 _aJUVENILE FICTION / Comics & Graphic Novels / Fairy Tales, Folklore, Legends & Mythology.
_2bisacsh
_95749560
655 7 _aGraphic novels.
_2lcgft
942 _2ddc
_cBOOK
999 _c377519
_d377519